Inscripción de candidatos entra en su recta final
Sábháilte in:
| Formáid: | Téacs |
|---|---|
| Ábhair: | |
| Clibeanna: |
Cuir clib leis
Níl clibeanna ann, Bí ar an gcéad duine le clib a chur leis an taifead seo!
|
MARC
| LEADER | 00000 a a2200000 04500 | ||
|---|---|---|---|
| 001 | 11397 | ||
| 003 | |||
| 040 | |||
| 245 | |a Inscripción de candidatos entra en su recta final | ||
| 650 | |a POLITICOS | ||
| 650 | |a AFILIACION POLITICA | ||
| 650 | |a PARTIDOS POLITICOS | ||
| 650 | |a PARTICIPACION SOCIAL | ||
| 773 | |g volumen 27, número 114; páginas 16-18 | ||
| 999 | |c 29619 |d 29619 | ||
